Sports Quiz

Random Sports Quiz

All Blacks Positions 1998-2013 Quiz Stats

Quiz not verified by Sporcle

Challenge
Share
Tweet
Embed
Score 0/15 Timer 05:00
0 Plays Today
Hint Answer % Correct
First five (2007)Dan Carter
94.5%
Open side flanker (2004)Richie McCaw
85.5%
Fullback (2012)Israel Dagg
85.5%
Centre (2010)Conrad Smith
83.6%
Second five (2009)Ma'a Nonu
80%
Wing (2011)Cory Jane
69.1%
Halfback (2006)Byron Kelleher
63.6%
Blindside flanker (2003)Reuben Thorne
56.4%
Hint Answer % Correct
Hooker (1999)Anton Oliver
54.5%
Wing (2008)Josevata Rokocoko
52.7%
Number 8 (2005)Rodney So'oialo
41.8%
Lock (2001)Norm Maxwell
29.1%
Tight head prop (1998)Craig Dowd
27.3%
Loose head prop (2000)Kees Meeuws
27.3%
Lock (2002)Simon Maling
3.6%

You're not logged in!

Compare scores with friends on all Sporcle quizzes.
Sign Up with Email
OR
Log In

You Might Also Like...

Show Comments

Extras

Top Quizzes Today


Score Distribution

Your Account Isn't Verified!

In order to create a playlist on Sporcle, you need to verify the email address you used during registration. Go to your Sporcle Settings to finish the process.